000
003390000a22001450004500
005
20120302065033.0
942
_c
BOOK
100
_a
Upendrabhanj Shree
245
_a
Baidehish - Bilas
250
_a
1st
260
_a
Lakhnau:Bhuvan Vani Trust, 1980
040
_a
O&H
365
_b
60
650
_a
Ramvilas, OriyaRamayan, OdiyaRamayan
999
_c
363731
_d
363728